00282nam a2200121Ia 4500008004100000100001400041245002700055260002300082300000900105650002200114942000700136999001700143190216s9999||||xx |||||||||||||| ||und|| aYuripidis 0aHekuba (greek Nadakam) bP K Brothersc1992 a123p aMalayalam Nadakam cBK c26774d26774